Opening Day Lineups: Cincinnati Reds - Statistics

General Stats
  • This quiz has been taken 566 times
    143 since last reset
  • The average score is 28 of 67
Answer Stats
# Starts Answer % Correct
2 Elly De La Cruz
94%
13 Joey Votto
91%
2 Hunter Greene
88%
7 Brandon Phillips
79%
3 Spencer Steer
75%
5 Billy Hamilton
74%
1 Matt McLain
74%
3 Tyler Stephenson
71%
2 TJ Friedl
69%
4 Jonathan India
68%
7 Jay Bruce
66%
2 Christian Encarnacion-Strand
65%
6 Eugenio Suarez
64%
4 Johnny Cueto
60%
2 Luis Castillo
60%
2 Will Benson
60%
3 Jake Fraley
56%
4 Tucker Barnhart
55%
6 Zack Cozart
55%
1 Jose Trevino
54%
3 Todd Frazier
54%
2 Jeimer Candelario
51%
1 Sonny Gray
49%
1 Gavin Lux
48%
1 Homer Bailey
48%
3 Jesse Winker
48%
1 Scooter Gennett
48%
2 Nick Castellanos
46%
2 Devin Mesoraco
44%
3 Scott Rolen
44%
1 Jose Iglesias
40%
1 Raisel Iglesias
39%
3 Mike Moustakas
38%
1 Yasiel Puig
38%
1 Aristides Aquino
36%
3 Nick Senzel
35%
1 Frankie Montas
34%
2 Adam Duvall
33%
1 Freddy Galvis
33%
1 Nick Martini
33%
3 Ryan Ludwick
33%
2 Drew Stubbs
31%
1 Kyle Farmer
31%
1 Shin-Soo Choo
31%
2 Ryan Hanigan
30%
3 Scott Schebler
26%
1 Tommy Pham
26%
3 Jose Peraza
25%
1 Tyler Mahle
25%
1 Brandon Drury
23%
1 Curt Casali
23%
1 Brayan Pena
20%
2 Ramon Hernandez
20%
1 Aaron Harang
19%
1 Edinson Volquez
19%
1 Jason Vosler
19%
1 José Barrero
19%
1 Orlando Cabrera
19%
1 Jonny Gomes
18%
1 Paul Janish
16%
1 Wil Myers
16%
1 Matt Davidson
14%
1 Phillip Ervin
14%
1 Marlon Byrd
11%
1 Chris Dickerson
10%
1 Scott Feldman
9%
1 Laynce Nix
8%
No matching quizzes found
Score Distribution
Percent of People with Each Score
Percentile by Number Answered
Your Score History
You have not taken this quiz since the last reset